Central-Library-PUMHS

Online Public Access Catalogue

Welcome to PUMHS Central Library Nawabshah, SBA

Chaitow Muscle energy techniques (Record no. 37739)

000 -LEADER
fixed length control field 00254nam a22001217a 4500
100 ## - MAIN ENTRY--AUTHOR NAME
Personal name Chaitow , Sasha
245 ## - TITLE STATEMENT
Title Chaitow Muscle energy techniques
250 ## - EDITION STATEMENT
Edition statement 5th Edition
260 ## - PUBLICATION, DISTRIBUTION, ETC. (IMPRINT)
Year of publication 2024
300 ## - PHYSICAL DESCRIPTION
Number of Pages 382
650 ## - SUBJECT ADDED ENTRY--TOPICAL TERM
Topical Term Physiotherapy
942 ## - ADDED ENTRY ELEMENTS (KOHA)
Koha item type Books
Holdings
Withdrawn status Lost status Permanent Location Current Location Shelving location Date acquired Source of acquisition Cost, normal purchase price Full call number Accession Number Koha item type
    Central Library New Campus PUMHS Nawabshah,(SBA) Central Library New Campus PUMHS Nawabshah,(SBA) Physiotherapy 2026-02-25 M/S Allied Bill No A 25060066 Date14/6/2025 14492.09 615.82 SAH 40898 Ref Books
    Central Library New Campus PUMHS Nawabshah,(SBA) Central Library New Campus PUMHS Nawabshah,(SBA) Physiotherapy 2026-02-25 M/S Allied Bill No A 25060066 Date14/6/2025 14492.09 615.82 SAH 40899 Ref Books

Copyright © 2018,The PUMHSW, Nawabshah, Shaheed Benazirabad. All rights reserved
Mr. Abdul Sattar Mahar (Chief Librarian) PUMHSW, Nawabshah, Sindh, Pakistan 67480.
Ph#: | 0244-9370425 Ext. 2241 Email| librarian@pumhs.edu.pk Web| http://www.pumhs.edu.pk
سنڌي ڪي بورڊ